Central Library OPAC University of Rajshahi

A Tale of two cities. (Record no. 82657)

MARC details
000 -LEADER
fixed length control field 00541nam a2200205 a 4500
003 - CONTROL NUMBER IDENTIFIER
rucl marc code BD-RjUL
005 - DATE AND TIME OF LATEST TRANSACTION
control field 20240117115404.0
008 - FIXED-LENGTH DATA ELEMENTS--GENERAL INFORMATION
fixed length control field 160725s1859 nyu 000 0 eng d
035 ## - SYSTEM CONTROL NUMBER
System control number (BD-RjUL)
040 ## - CATALOGING SOURCE
Original cataloging agency HAI
Language of cataloging eng
Transcribing agency BD-RjUL
041 0# - LANGUAGE CODE
Language code of text/sound track or separate title eng
082 ## - DEWEY DECIMAL CLASSIFICATION NUMBER
Classification number 823
Author mark and year DIT 1859
100 1# - MAIN ENTRY--PERSONAL NAME
Personal name Dickens, Charles,
Dates associated with a name 1812-1870
245 12 - TITLE STATEMENT
Title A Tale of two cities.
260 ## - PUBLICATION, DISTRIBUTION, ETC. (IMPRINT)
Place of publication, distribution, etc. London:
Name of publisher, distributor, etc. P. R. Gawthorn Ltd,
Date of publication, distribution, etc. [1859].
300 ## - PHYSICAL DESCRIPTION
Pagination ix, 374 p. :
Illustrations plates ;
Size 18 cm.
490 1# - SERIES STATEMENT
Series statement The Russell Classics ;
651 ## - SUBJECT ADDED ENTRY--GEOGRAPHIC NAME
Source of heading or term Literature
942 ## - ADDED ENTRY ELEMENTS (KOHA)
Source of classification or shelving scheme Dewey Decimal Classification
Koha item type Books
Holdings
Lost status Source of classification or shelving scheme Damaged status Not for loan Permanent Location Current Location Date acquired Total Checkouts Full call number Date last seen Copy number Koha item type
  Dewey Decimal Classification   Not For Loan Central Library, University of Rajshahi Central Library, University of Rajshahi 17/01/2024   823 DIT 1859 17/01/2024 C-1 Books